000
00226 a2200097 4500
001
16656
100
_a
Hering P.G
245
_a
Customs and tradition's of R.A.F
260
_a
Alder shot
_b
Gale polden
_c
090
_c
12556
_d
12556
942
_a
NUST-CAE
_c
M
_c
2843
999
_c
251729
_d
251729